000
00232nam a2200097Ia 4500
001
709720
005
20250826162552.0
008
250824s9999 xx 000 0 und d
245
0
_a
BEYİN
_c
MONİKA RÖBİGER
260
_b
TUDEM YAYINLARI
999
_c
709720
_d
709720